Sports by total populations - Statistics

General Stats
  • This quiz has been taken 18 times
  • The average score is 7 of 14
Answer Stats
Population Sport % Correct
1.53 billion Basketball
100%
4.01 billion Football
100%
1.91 billion Cricket
87%
52.9 million Ice Hockey
87%
262 million Baseball
80%
340 million American Football
53%
2.85 million Athletics
53%
3.48 million Wrestling
53%
37.7 million Rugby Union
27%
11.8 million Rugby League
20%
39,000 Motorsport
13%
786,000 Archery
7%
26.6 million Australian Rules Football
7%
5.31 million Gaelic Football
0%
No matching quizzes found
Score Distribution
Percent of People with Each Score
Percentile by Number Answered
Your Score History
You have not taken this quiz